Word Ladder: Trigonometry Ratios Quiz Stats

 Plays Quiz Updated Jun 15, 2016

Challenge
Share
Tweet
Embed
Score 0/26 Timer 03:00
2 Plays Today
Hint 3-Letter Word % Correct
Use a sofa or chairSIT
97.6%
Divide with a knifeCUT
96.4%
Wager or gambleBET
94.8%
2000 poundsTON
93.4%
★ Light, portable bed ★★ COT ★
92.3%
Contrasting conjunctionBUT
92.1%
Drunkard or foolSOT
89.2%
Tennis match subdivisionSET
88.5%
Barker, Denver, or Hope, e.g.BOB
86.4%
★ Disobedience or transgression ★★ SIN ★
85.4%
An easy tennis shotLOB
84.4%
'I'll return shortly to this chat'BRB
84.2%
Prison residentCON
83.6%
Hint 3-Letter Word % Correct
★ Like a cast member of Jersey Shore ★★ TAN ★
83.4%
Beginnings of maple syrupSAP
82.9%
Time period or pitcher statERA
80.3%
Mammary support systemBRA
80%
Spigot relativeTAP
79.1%
Latin abbr. meaning 'and other things'ETC.
77.8%
Common Spanish plural articleLOS
75.9%
★ A variety of lettuce ★★ COS ★
75.1%
H, in the Greek alphabetETA
73.2%
Bag-like bodily structureSAC
69.2%
★ Ole Miss and Vanderbilt play here ★★ SEC ★
68.9%
Standard keyboard key, for shortESC
56.7%
★ Australian medal for military service ★★ CSC ★
26%

Today's Daily Dose

You're not logged in!

Compare scores with friends on all Sporcle quizzes.
Join for Free
OR
Log In

You Might Also Like...

Show Comments

Extras

Top Quizzes Today


Score Distribution

Your Account Isn't Verified!

In order to create a playlist on Sporcle, you need to verify the email address you used during registration. Go to your Sporcle Settings to finish the process.

Report this User

Report this user for behavior that violates our Community Guidelines.

Details: